LEADER 00943nam a2200241 i 4500 001 000000080310 003 CaOOAMICUS 005 20120605000000.0 008 120605s1967 it u000 u ita u 013 $a52548 040 $aSeMil$bita 100 1 $aLorit, Sergio C.$0(OLS)http://semarc/name/34577 245 14$aUna città nuova :$bLoppiano /$cSergio C. Lorit. 260 $aRoma :$bCittà Nuova,$ccopyr. 1967. 300 $a177 p., [6] c. di tav. ;$c18 cm. 490 0 $aMinima di Città Nuova 650 4$aMovimento dei Focolari.$0(OLS)http://semarc/subject/5551 830 0$aMinima di Città Nuova.$0(OLS)http://semarc/title/14774 850 $aSeMil 852 $aSeMil$W1$xVenegono$y1$m3E I 365$j45830$B45830$CSeMilBibl$Z2$F47907 $81 961 $aRecupero: Seminario di Seveso 996 $6245$aUna città nuova :$bLoppiano$9(OLS)http://semarc/title/403862 996 $6260$aRoma :$bCittà Nuova$9(OLS)http://semarc/publisher/29609 LEADER 01194nam a2200301 i 4500 001 000000111139 003 CaOOAMICUS 005 20210318113634.0 008 030108s1991 it u000 u ita u 013 $a83820 020 $a88-7819-254-6 040 $aSeMil$bita 100 1 $aAndreotti, Giulio,$d<1919-2013>.$0(OLS)http://semarc/name/8188 245 10$aPranzo di magro per il cardinale /$cGiulio Andreotti. 260 $aMilano :$bTEA,$c1991. 300 $a124 p., [10] p. di tav., [1] c. di tav. ;$c20 cm. 490 0 $aTEAdue ;$v84 500 $aIn mezzo al front. : Undici tavole fuori testo. - Fondo Card. C.M. Martini. 650 4$aItalia e Santa Sede.$0(OLS)http://semarc/subject/6121 830 0$aTEAdue ;$v84.$0(OLS)http://semarc/title/23645 850 $aSeMil 852 $aSeMil$W1$xVenegono$y1$m3D I 1$j66974$B66974$CSeMilBibl$Z2$F87348 $81 941 1 $a4 961 $aOmaggio: Martini Card. Carlo Maria 996 $6020$a88-7819-254-6$9(OLS)http://semarc/number/93181 996 $6245$aPranzo di magro per il cardinale$9(OLS)http://semarc/title/161683 996 $6260$aMilano :$bTEA$9(OLS)http://semarc/publisher/32364